| 000 | 00879nam0a22002651 4500 | ||
|---|---|---|---|
| 001 | rc\267602 | ||
| 005 | 20030307115641.3 | ||
| 010 |
_a5-02-026106-8 _9100000 |
||
| 021 |
_aRU _bКН-П-19-094876 _9КН-П-19-6953 |
||
| 035 | _a(NLR Aleph) 005473667 | ||
| 090 |
_a5069942 _c5069942 |
||
| 100 | _a20030307d1991 u |0rusy50 ca | ||
| 101 | 0 | _arus | |
| 102 | _aRU | ||
| 105 | _aa ||||||||| | ||
| 200 | 1 |
_aРусско-английский разговорник _dRussian-English phrase-book _f[Е.В. Логвинова и др.] |
|
| 210 |
_aЛ. _cНаука. Ленингр. отд-ние _d1991 |
||
| 215 |
_a202 с. _cил. _d17 |
||
| 510 | 0 | _aRussian-English phrase-book | |
| 702 | 1 |
_aЛогвинова _bЕ. В. _gЕлена Владимировна _4220 |
|
| 801 | 0 |
_aRU _bNLR _gpsbo |
|
| 801 | 1 |
_aRU _bELAR _2rusmarc |
|
| 852 |
_aNLR _bС _jК-1/5422 |
||
| 942 | _cBOOK | ||
| 980 | _aNB | ||